[Event "17. Europa ch Juvenil - Femenino s14"]
[Site "Sibenik CRO"]
[Date "2007.09.19"]
[Round "6.3"]
[White "Arabidze, Meri"]
[Black "Kluchik, Julia"]
[Result "1-0"]
[WhiteElo "2095"]
[BlackElo "2049"]
[PlyCount "71"]
[EventDate "2007.09.14"]
[EventType "swiss"]
[EventRounds "9"]
[EventCountry "CRO"]
[Source "lmi"]
[SourceDate "2007.09.14"]

1. d4 Nf6 2. c4 e6 3. g3 d5 4. Bg2 Be7 5. Nf3 Nbd7 6. Qc2 O-O 7. O-O c6 8. b3
b6 9. Bb2 Bb7 10. Nc3 Rc8 11. Nd2 c5 12. dxc5 Bxc5 13. Qd1 Qe7 14. a3 Bd6 15.
cxd5 exd5 16. Nb5 Bb8 17. Nd4 Ba6 18. Re1 Nc5 19. Bh3 Rce8 20. Nf5 Qd8 21. b4
Nce4 22. Nxe4 Rxe4 23. Qd2 Bc8 24. Qg5 Bxf5 25. Bxf5 Ree8 26. Rad1 Re6 27. Bxe6
fxe6 28. e4 h6 29. Qg6 Qc7 30. exd5 exd5 31. Bxf6 Rxf6 32. Re8+ Rf8 33. Rxf8+
Kxf8 34. Qf5+ Kg8 35. Qxd5+ Kh7 36. Qd3+ 1-0

[Event "17. Europa ch Juvenil - Femenino s14"]
[Site "Sibenik CRO"]
[Date "2007.09.19"]
[Round "6.4"]
[White "Zakoscielna, Kinga"]
[Black "Suslova, Alena"]
[Result "1-0"]
[WhiteElo "2020"]
[BlackElo "2091"]
[PlyCount "91"]
[EventDate "2007.09.14"]
[EventType "swiss"]
[EventRounds "9"]
[EventCountry "CRO"]
[Source "lmi"]
[SourceDate "2007.09.14"]

1. e4 g6 2. d4 Bg7 3. Nc3 d6 4. f4 Nf6 5. Nf3 O-O 6. Be3 c6 7. Bd3 b5 8. e5 Ng4
9. Bg1 f6 10. h3 Nh6 11. Qe2 Qa5 12. Bh2 b4 13. Ne4 Nf7 14. Ned2 fxe5 15. fxe5
Ba6 16. Nc4 Bxc4 17. Bxc4 d5 18. Bd3 e6 19. O-O Nd7 20. a3 bxa3 21. Rxa3 Qc7
22. b4 Qb6 23. c3 a5 24. Rfa1 Rfb8 25. Rxa5 Rxa5 26. Rxa5 Bf8 27. Bf4 Be7 28.
Kh2 Qc7 29. Nd2 c5 30. Ra6 cxb4 31. Rxe6 Nf8 32. Ra6 bxc3 33. Nf1 Rb2 34. Bc2
Qc4 35. Qxc4 dxc4 36. Ne3 g5 37. Bg3 g4 38. Be1 gxh3 39. gxh3 Bb4 40. Rc6 Ng5
41. Kg3 Nfe6 42. Rxc4 Nxd4 43. Rxd4 Ne6 44. Rc4 Bc5 45. Bxc3 Ra2 46. Bf5 1-0

[Event "17. Europa ch Juvenil - Femenino s14"]
[Site "Sibenik CRO"]
[Date "2007.09.19"]
[Round "6.5"]
[White "Butuc, Maria"]
[Black "Stetsko, Lanita"]
[Result "1/2-1/2"]
[WhiteElo "2082"]
[BlackElo "2029"]
[PlyCount "99"]
[EventDate "2007.09.14"]
[EventType "swiss"]
[EventRounds "9"]
[EventCountry "CRO"]
[Source "lmi"]
[SourceDate "2007.09.14"]

1. e4 c5 2. Nf3 Nc6 3. Bb5 d6 4. O-O Bd7 5. Re1 Nf6 6. c3 a6 7. Bf1 Bg4 8. d3
e6 9. Nbd2 Be7 10. h3 Bxf3 11. Nxf3 O-O 12. Nh2 d5 13. e5 Nd7 14. f4 b5 15. Nf3
Qb6 16. g4 b4 17. c4 Rad8 18. Qc2 Ndb8 19. Be3 Nd4 20. Nxd4 cxd4 21. Bf2 dxc4
22. dxc4 Bc5 23. Bd3 g6 24. Bh4 Rd7 25. f5 Re8 26. f6 Nc6 27. Qd2 Bf8 28. Bg5
Qc5 29. Qf4 Rb7 30. b3 a5 31. Bh6 Bxh6 32. Qxh6 Qf8 33. Qxf8+ Kxf8 34. Be4 Rc7
35. Bxc6 Rxc6 36. Rad1 Rd8 37. Re4 Rc5 38. Rexd4 Rxd4 39. Rxd4 Ke8 40. Re4 a4
41. Kf2 Ra5 42. Re3 axb3 43. axb3 Kd7 44. Kf3 Ra1 45. Ke4 Kc6 46. Rd3 Kc7 47.
Kd4 Kc6 48. Ke4 Kc7 49. Kd4 Kc6 50. Ke4 1/2-1/2

[Event "17. Europa ch Juvenil - Femenino s14"]
[Site "Sibenik CRO"]
[Date "2007.09.19"]
[Round "6.6"]
[White "Danelia, Mariam"]
[Black "Trifonova, Sandra"]
[Result "1/2-1/2"]
[WhiteElo "2066"]
[BlackElo "1889"]
[PlyCount "95"]
[EventDate "2007.09.14"]
[EventType "swiss"]
[EventRounds "9"]
[EventCountry "CRO"]
[Source "lmi"]
[SourceDate "2007.09.14"]

1. d4 Nf6 2. c4 g6 3. Nc3 d5 4. cxd5 Nxd5 5. e4 Nxc3 6. bxc3 Bg7 7. Nf3 c5 8.
Rb1 O-O 9. Be2 cxd4 10. cxd4 Qa5+ 11. Qd2 Qxd2+ 12. Bxd2 b6 13. O-O e6 14. Bb4
Rd8 15. Rbc1 Na6 16. Be7 Rd7 17. Bg5 h6 18. Bh4 g5 19. Bb5 gxh4 20. Rxc8+ Rxc8
21. Bxd7 Rc2 22. a4 Nb8 23. Bb5 a6 24. Bd3 Rc3 25. Rd1 Ra3 26. Bc2 Rc3 27. Bd3
Ra3 28. Bc2 Rc3 29. Rd2 b5 30. axb5 axb5 31. d5 exd5 32. exd5 b4 33. h3 b3 34.
Bf5 Rc1+ 35. Kh2 b2 36. d6 Nd7 37. Nxh4 Be5+ 38. g3 Rc6 39. Re2 Rxd6 40. Nf3
Bc3 41. Bc2 Nb6 42. Re3 Bf6 43. g4 Rc6 44. Bf5 Nd5 45. Rb3 Nf4 46. h4 Ne2 47.
Kg2 Nf4+ 48. Kh2 1/2-1/2

[Event "17. Europa ch Juvenil - Femenino s14"]
[Site "Sibenik CRO"]
[Date "2007.09.19"]
[Round "6.7"]
[White "Neuhauser, Salome"]
[Black "Efremova, Daria"]
[Result "1-0"]
[WhiteElo "1878"]
[BlackElo "2033"]
[PlyCount "45"]
[EventDate "2007.09.14"]
[EventType "swiss"]
[EventRounds "9"]
[EventCountry "CRO"]
[Source "lmi"]
[SourceDate "2007.09.14"]

1. d4 Nf6 2. Nf3 g6 3. c4 Bg7 4. Nc3 O-O 5. e4 d6 6. Be2 Nbd7 7. O-O e5 8. Be3
Ne8 9. dxe5 dxe5 10. Qd2 c6 11. Bc5 Bh6 12. Qd1 Qf6 13. Bxf8 Nxf8 14. Qc2 Ne6
15. Rfd1 Nf4 16. h3 g5 17. Nh2 Bf8 18. Bg4 h5 19. Bxc8 Rxc8 20. Ne2 Ne6 21. Ng3
Nd4 22. Qa4 Qg6 23. Qxa7 1-0

[Event "17. Europa ch Juvenil - Femenino s14"]
[Site "Sibenik CRO"]
[Date "2007.09.19"]
[Round "6.8"]
[White "Vombek, Sara"]
[Black "Sokolova, Vera"]
[Result "1-0"]
[WhiteElo "1873"]
[BlackElo "2009"]
[PlyCount "127"]
[EventDate "2007.09.14"]
[EventType "swiss"]
[EventRounds "9"]
[EventCountry "CRO"]
[Source "lmi"]
[SourceDate "2007.09.14"]

1. e4 e5 2. Nf3 Nc6 3. Bb5 f5 4. Bxc6 bxc6 5. O-O fxe4 6. Nxe5 Nf6 7. d3 Ba6 8.
Re1 Bd6 9. Nf3 O-O 10. dxe4 Bc5 11. h3 d5 12. e5 Ne4 13. Be3 Qe7 14. Nbd2 Rad8
15. Qc1 Bxe3 16. Rxe3 c5 17. Ra3 Be2 18. Qe1 Bxf3 19. Nxf3 c6 20. Qa5 Rd7 21.
Re3 Qf7 22. Re2 Qh5 23. Re3 Rdf7 24. Qe1 g5 25. Rxe4 dxe4 26. Qxe4 Qh6 27. Rd1
Rf4 28. Qe3 g4 29. hxg4 Qg6 30. Ne1 Qxg4 31. f3 Qg6 32. Rd6 Qf5 33. Nd3 Rd4 34.
Rxd4 cxd4 35. Qxd4 h5 36. Qxa7 h4 37. Qd4 h3 38. Qg4+ Qxg4 39. fxg4 hxg2 40.
Kxg2 Ra8 41. a3 Kf7 42. Kf3 Ke6 43. Ke3 Rg8 44. Kf4 Rf8+ 45. Ke4 Rh8 46. Nf4+
Kd7 47. g5 Rh2 48. g6 Ke7 49. Kf5 Rxc2 50. b4 Kf8 51. e6 Rf2 52. Ke5 Rf3 53. a4
Rb3 54. Kf6 Rf3 55. Ke5 Rb3 56. Kd6 Rb1 57. e7+ Ke8 58. g7 Rg1 59. Ne6 Rg6 60.
g8=Q+ Rxg8 61. Nc7+ Kf7 62. e8=Q+ Rxe8 63. Nxe8 Kxe8 64. Kxc6 1-0

[Event "17. Europa ch Juvenil - Femenino s14"]
[Site "Sibenik CRO"]
[Date "2007.09.19"]
[Round "6.9"]
[White "Lefevre, Margaux"]
[Black "Vince, Andrea"]
[Result "1-0"]
[WhiteElo "1889"]
[BlackElo "1990"]
[PlyCount "105"]
[EventDate "2007.09.14"]
[EventType "swiss"]
[EventRounds "9"]
[EventCountry "CRO"]
[Source "lmi"]
[SourceDate "2007.09.14"]

1. e4 c5 2. Nf3 e6 3. d4 cxd4 4. Nxd4 a6 5. Bd3 Bc5 6. Be3 d6 7. O-O Nf6 8. Nc3
Qc7 9. Be2 b5 10. Bf3 e5 11. Nf5 O-O 12. Bxc5 dxc5 13. Qd6 Qxd6 14. Nxd6 Be6
15. Nb7 Nbd7 16. Rad1 Ra7 17. Na5 Rc8 18. Rd2 g5 19. Nd5 Kf8 20. g3 c4 21. Nxf6
Nxf6 22. Rd6 Ne8 23. Rb6 g4 24. Bg2 Bd7 25. Rd1 Ke7 26. f3 h5 27. Rh6 b4 28.
Rxh5 Rc5 29. Rd5 Rxd5 30. exd5 gxf3 31. Bxf3 f5 32. Nc6+ Bxc6 33. Rh7+ Kd6 34.
Rxa7 Bb5 35. Ra8 e4 36. Bh5 Nf6 37. Bg6 Ke5 38. Rf8 c3 39. bxc3 bxc3 40. Rf7
Bd7 41. Kf1 Ba4 42. d6 Bd7 43. Ke1 Be6 44. Ra7 e3 45. Rxa6 Nd5 46. a3 Bd7 47.
Ra7 Kxd6 48. Rxd7+ Kxd7 49. Bxf5+ Kd6 50. Be4 Nf6 51. Bf3 Ke5 52. Ke2 Kd4 53.
a4 1-0

[Event "17. Europa ch Juvenil - Femenino s14"]
[Site "Sibenik CRO"]
[Date "2007.09.19"]
[Round "6.10"]
[White "Suarez Calvo, Alexandra"]
[Black "Bazhenova, Dina"]
[Result "1/2-1/2"]
[WhiteElo "1970"]
[BlackElo "1910"]
[PlyCount "96"]
[EventDate "2007.09.14"]
[EventType "swiss"]
[EventRounds "9"]
[EventCountry "CRO"]
[Source "lmi"]
[SourceDate "2007.09.14"]

1. e4 c5 2. Nf3 Nc6 3. d4 cxd4 4. Nxd4 Nf6 5. Nc3 e5 6. Ndb5 d6 7. Nd5 Nxd5 8.
exd5 Ne7 9. c4 Ng6 10. Qa4 Bd7 11. Qb4 Bxb5 12. Qxb5+ Qd7 13. Qxd7+ Kxd7 14. g3
Ne7 15. Bg2 g6 16. b3 Bg7 17. Bb2 Rhe8 18. O-O f5 19. Rfe1 Bh6 20. Re2 Rac8 21.
a4 a5 22. Rae1 g5 23. Bc1 b6 24. h4 Rg8 25. Kh2 f4 26. gxf4 gxf4 27. Bh3+ Kc7
28. Bxc8 Kxc8 29. Rg1 Rf8 30. Ba3 Kc7 31. Rg4 Nf5 32. Bb2 Bg7 33. Bc3 h5 34.
Rg5 f3 35. Re1 Bh6 36. Rxh5 Bf4+ 37. Kh3 Nh6 38. Rg1 e4 39. Re1 e3 40. Bd4 e2
41. Bg7 Bd2 42. Bxf8 Bxe1 43. Rxh6 Bxf2 44. Re6 Bc5 45. Kg3 f2 46. Bxd6+ Kd7
47. Bxc5 f1=Q 48. Bf2 Qd1 1/2-1/2

[Event "17. Europa ch Juvenil - Femenino s14"]
[Site "Sibenik CRO"]
[Date "2007.09.19"]
[Round "6.11"]
[White "Chrzaszcz, Malvina"]
[Black "Trapeznikova, Darya"]
[Result "1-0"]
[WhiteElo "1872"]
[BlackElo "1959"]
[PlyCount "73"]
[EventDate "2007.09.14"]
[EventType "swiss"]
[EventRounds "9"]
[EventCountry "CRO"]
[Source "lmi"]
[SourceDate "2007.09.14"]

1. e4 e6 2. d4 d5 3. Nd2 Nf6 4. e5 Nfd7 5. Bd3 c5 6. c3 Nc6 7. Ne2 cxd4 8. cxd4
f6 9. exf6 Nxf6 10. Nf3 Bd6 11. O-O Qc7 12. Re1 O-O 13. Nc3 a6 14. Bg5 Bd7 15.
Rc1 Rae8 16. Bb1 Ng4 17. h3 Bh2+ 18. Kf1 Nxf2 19. Qc2 g6 20. Qxf2 Bg3 21. Qe3
Bxe1 22. Rxe1 Qb6 23. Bh6 Rf7 24. Kg1 Qxb2 25. Nxd5 Rxf3 26. Qxf3 Qxd4+ 27. Ne3
Qh4 28. Rd1 Nd4 29. Qg4 Qxh6 30. Qxd4 Bc6 31. Ng4 Qg5 32. Rf1 e5 33. Qc4+ Kh8
34. Qf7 Qd2 35. Rf2 Qc1+ 36. Kh2 Qg5 37. Nf6 1-0

[Event "17. Europa ch Juvenil - Femenino s14"]
[Site "Sibenik CRO"]
[Date "2007.09.19"]
[Round "6.12"]
[White "Varga, Klara"]
[Black "Remoli Sargues, Lidia"]
[Result "0-1"]
[WhiteElo "1952"]
[BlackElo "1894"]
[PlyCount "94"]
[EventDate "2007.09.14"]
[EventType "swiss"]
[EventRounds "9"]
[EventCountry "CRO"]
[Source "lmi"]
[SourceDate "2007.09.14"]

1. e4 c5 2. Nf3 Nc6 3. d4 cxd4 4. Nxd4 g6 5. c4 Bg7 6. Be3 Nf6 7. Nc3 d6 8. f3
O-O 9. Rc1 Nxd4 10. Bxd4 Bd7 11. Be2 Bc6 12. O-O Nd7 13. Bxg7 Kxg7 14. Qd4+ Kg8
15. Rfd1 Qb6 16. Qxb6 Nxb6 17. Nd5 Bxd5 18. exd5 a5 19. Kf2 Nd7 20. Re1 Nc5 21.
Rc3 Rfe8 22. Bd1 Kf8 23. Rce3 Rab8 24. a3 a4 25. b3 axb3 26. Bxb3 Ra8 27. Ra1
Rec8 28. Ba2 Ra4 29. Rc1 b5 30. Ke2 b4 31. Kd2 Rca8 32. Kc2 Rxa3 33. Bb3 Nxb3
34. Rxb3 Ra2+ 35. Rb2 R8a3 36. h3 b3+ 37. Kc3 Rxb2 38. Kxb2 Ra2+ 39. Kxb3 Rxg2
40. Rc3 Rg3 41. f4 Rxc3+ 42. Kxc3 Kg7 43. Kd4 Kf6 44. Ke4 h6 45. h4 h5 46. Ke3
Kf5 47. Kf3 f6 0-1

[Event "17. Europa ch Juvenil - Femenino s14"]
[Site "Sibenik CRO"]
[Date "2007.09.19"]
[Round "6.13"]
[White "Anakidze, Nino"]
[Black "Bluebaum, Johanna"]
[Result "1-0"]
[WhiteElo "1868"]
[BlackElo "1946"]
[PlyCount "125"]
[EventDate "2007.09.14"]
[EventType "swiss"]
[EventRounds "9"]
[EventCountry "CRO"]
[Source "lmi"]
[SourceDate "2007.09.14"]

1. e4 e6 2. d3 d5 3. Nd2 Nf6 4. Ngf3 b6 5. g3 dxe4 6. dxe4 Bb7 7. Qe2 Nc6 8. a3
Be7 9. Bg2 O-O 10. O-O a5 11. Rd1 Qc8 12. b3 Rd8 13. Bb2 Ba6 14. Qe1 Nd7 15.
Nf1 Ra7 16. h4 Ncb8 17. Ne3 c5 18. c4 Nc6 19. e5 Ndb8 20. Qe2 Rad7 21. Nc2 Bb7
22. Kh2 Bf8 23. h5 Ne7 24. Ne3 Rxd1 25. Rxd1 Rxd1 26. Qxd1 Qd7 27. Qe2 Be4 28.
Ne1 Bxg2 29. Kxg2 Nbc6 30. Nf3 Nc8 31. Ng4 Be7 32. Qe4 a4 33. bxa4 Na5 34. Qc2
Na7 35. Bc1 N7c6 36. Be3 h6 37. Kh2 Kh8 38. Kg2 Bd8 39. Qd2 Qxd2 40. Nxd2 Bg5
41. f4 Be7 42. Kf3 Kg8 43. Ke4 Kf8 44. Kd3 Ke8 45. Kc3 f5 46. exf6 Bxf6+ 47.
Nxf6+ gxf6 48. g4 Ke7 49. f5 Ne5 50. fxe6 Nxg4 51. Bf4 Ne5 52. Bxh6 Kxe6 53.
Bf4 Kf5 54. Bxe5 fxe5 55. h6 Kg6 56. Kd3 Kxh6 57. Ke4 Kg7 58. Kxe5 Kf7 59. Kd6
Ke8 60. Kc7 Ke7 61. Kxb6 Nxc4+ 62. Nxc4 Kd7 63. Kb7 1-0

[Event "17. Europa ch Juvenil - Femenino s14"]
[Site "Sibenik CRO"]
[Date "2007.09.19"]
[Round "6.14"]
[White "Bochis, Julia"]
[Black "Stodolnik, Alicja"]
[Result "0-1"]
[WhiteElo "1936"]
[BlackElo "1789"]
[PlyCount "76"]
[EventDate "2007.09.14"]
[EventType "swiss"]
[EventRounds "9"]
[EventCountry "CRO"]
[Source "lmi"]
[SourceDate "2007.09.14"]

1. Nf3 c5 2. c4 Nc6 3. e3 e5 4. d3 g6 5. b3 Bg7 6. Bb2 d6 7. Nc3 Nge7 8. a3 h6
9. Qc2 Be6 10. Be2 O-O 11. O-O f5 12. Rfe1 g5 13. Bf1 Qe8 14. Na2 a5 15. Nc3
Qg6 16. Nb5 Rad8 17. Rad1 f4 18. Nd2 Bc8 19. Ne4 Nf5 20. Nc7 Nh4 21. Nd5 f3 22.
Bc3 fxg2 23. Be2 Rf7 24. b4 Rdf8 25. b5 Ne7 26. Nxe7+ Rxe7 27. Bxa5 Ref7 28.
Rd2 h5 29. Ra1 Bh6 30. Rdd1 Bh3 31. Bc3 g4 32. Bd2 Nf5 33. a4 h4 34. a5 g3 35.
Qc1 Nd4 36. exd4 Qxe4 37. f3 Qxe2 38. hxg3 hxg3 0-1

[Event "17. Europa ch Juvenil - Femenino s14"]
[Site "Sibenik CRO"]
[Date "2007.09.19"]
[Round "6.15"]
[White "Juciute, Henrieta"]
[Black "Baciu, Diana"]
[Result "0-1"]
[WhiteElo "1863"]
[BlackElo "2048"]
[PlyCount "84"]
[EventDate "2007.09.14"]
[EventType "swiss"]
[EventRounds "9"]
[EventCountry "CRO"]
[Source "lmi"]
[SourceDate "2007.09.14"]

1. e4 c5 2. Nf3 e6 3. d4 cxd4 4. Nxd4 Nf6 5. Nc3 Nc6 6. Be3 Bb4 7. Bd3 d5 8.
exd5 Nxd5 9. O-O O-O 10. Nxc6 bxc6 11. Qf3 Bxc3 12. bxc3 Nxe3 13. fxe3 Qc7 14.
Qh5 g6 15. Qh6 Qe5 16. Rf3 Qxc3 17. Raf1 Qg7 18. Qg5 f5 19. e4 c5 20. exf5 exf5
21. Re1 Bb7 22. Rfe3 Qd4 23. c3 Qxc3 24. Ba6 Qb4 25. Bxb7 Qxb7 26. Re7 Qd5 27.
h4 Qd4+ 28. Kh1 Qf6 29. Qf4 a6 30. R1e6 Qa1+ 31. Kh2 Rf7 32. Rxf7 Kxf7 33. Qc4
Qd4 34. Qe2 Qxh4+ 35. Kg1 Qd4+ 36. Kh2 Qh4+ 37. Kg1 a5 38. a3 Qd4+ 39. Kh2 Qh4+
40. Kg1 Rb8 41. Qa2 Qd4+ 42. Kh2 Rb2 0-1

[Event "17. Europa ch Juvenil - Femenino s14"]
[Site "Sibenik CRO"]
[Date "2007.09.19"]
[Round "6.16"]
[White "Adamowicz, Katarzyna"]
[Black "Kolaric, Spela"]
[Result "1-0"]
[WhiteElo "2007"]
[BlackElo "1827"]
[PlyCount "53"]
[EventDate "2007.09.14"]
[EventType "swiss"]
[EventRounds "9"]
[EventCountry "CRO"]
[Source "lmi"]
[SourceDate "2007.09.14"]

1. e4 e5 2. Nf3 Nc6 3. d4 exd4 4. Nxd4 Bc5 5. Nxc6 Qf6 6. Qd2 Qxc6 7. Bd3 Nf6
8. O-O O-O 9. Nc3 Bb4 10. f3 Bxc3 11. bxc3 d6 12. c4 Be6 13. Qe2 Nd7 14. f4 Nb6
15. f5 Bxc4 16. f6 Bxd3 17. cxd3 g6 18. Qd2 Qc5+ 19. Kh1 Qh5 20. Rf3 h6 21. Rh3
Qg5 22. Qf2 Qg4 23. Bxh6 Qxh3 24. gxh3 Rfe8 25. Qh4 Re5 26. Bg5 Rxg5 27. Qh6
1-0

[Event "17. Europa ch Juvenil - Femenino s14"]
[Site "Sibenik CRO"]
[Date "2007.09.19"]
[Round "6.17"]
[White "Brunello, Marina"]
[Black "Ivekovic, Ana"]
[Result "1/2-1/2"]
[WhiteElo "1947"]
[BlackElo "1720"]
[PlyCount "52"]
[EventDate "2007.09.14"]
[EventType "swiss"]
[EventRounds "9"]
[EventCountry "CRO"]
[Source "lmi"]
[SourceDate "2007.09.14"]

1. e4 c5 2. c3 Nc6 3. d4 cxd4 4. cxd4 d5 5. exd5 Qxd5 6. Nf3 e6 7. Nc3 Qd8 8.
Bb5 Nf6 9. Ne5 Bd7 10. Qa4 Qc7 11. Nxd7 Qxd7 12. O-O Be7 13. Be3 a6 14. Bd3 O-O
15. Rad1 Kh8 16. Bb1 Rad8 17. a3 Nd5 18. Ba2 Bf6 19. Nxd5 exd5 20. Qc2 Rfe8 21.
Bb1 g6 22. Rd3 Bg7 23. Qd2 f5 24. Bh6 Re4 25. Bxg7+ Qxg7 26. Rd1 Rde8 1/2-1/2

[Event "17. Europa ch Juvenil - Femenino s14"]
[Site "Sibenik CRO"]
[Date "2007.09.19"]
[Round "6.19"]
[White "Nesic, Dragana"]
[Black "Barbageorgopoulou, Fani"]
[Result "1-0"]
[WhiteElo "1891"]
[BlackElo "1792"]
[PlyCount "77"]
[EventDate "2007.09.14"]
[EventType "swiss"]
[EventRounds "9"]
[EventCountry "CRO"]
[Source "lmi"]
[SourceDate "2007.09.14"]

1. e4 c5 2. Nc3 Nc6 3. g3 g6 4. Bg2 Bg7 5. f4 e6 6. d3 Nge7 7. e5 O-O 8. Ne4
Nf5 9. c3 b6 10. Nf3 d5 11. exd6 Nxd6 12. O-O Nf5 13. Re1 Ba6 14. Nf2 Qc7 15.
g4 Nfe7 16. Qa4 Bb7 17. h4 Rad8 18. Ng5 Rfe8 19. h5 Na5 20. hxg6 hxg6 21. Bxb7
Nxb7 22. Qe4 Nd6 23. Qh1 Qc6 24. Qh4 b5 25. Nh7 Nd5 26. Ne4 Re7 27. Nef6+ Nxf6
28. Nxf6+ Bxf6 29. Qxf6 Red7 30. f5 Qf3 31. Bh6 Ne8 32. Qh4 exf5 33. gxf5 Qxf5
34. Rad1 Rxd3 35. Rxd3 Qxd3 36. Bg5 Rc8 37. Bf4 Rd8 38. Be5 Qd2 39. Qh8# 1-0

[Event "17. Europa ch Juvenil - Femenino s14"]
[Site "Sibenik CRO"]
[Date "2007.09.20"]
[Round "7.1"]
[White "Paikidze, Nazi"]
[Black "Bulmaga, Irina"]
[Result "1-0"]
[WhiteElo "2230"]
[BlackElo "2158"]
[PlyCount "93"]
[EventDate "2007.09.14"]
[EventType "swiss"]
[EventRounds "9"]
[EventCountry "CRO"]
[Source "lmi"]
[SourceDate "2007.09.14"]

1. d4 Nf6 2. c4 c5 3. d5 e5 4. Nc3 d6 5. e4 Be7 6. Nf3 Nbd7 7. Bd3 O-O 8. h3
Nh5 9. Ne2 g6 10. g4 Ng7 11. Bh6 Nf6 12. Qd2 a6 13. a4 Rb8 14. Nc3 Qc7 15. Ng1
Kh8 16. Be3 Ng8 17. f4 exf4 18. Bxf4 Bh4+ 19. Kd1 Be7 20. Nf3 f6 21. Kc2 Bd7
22. Qh2 b5 23. axb5 axb5 24. cxb5 c4 25. Be2 Qc5 26. Qg1 Qb4 27. Nd4 Rfc8 28.
Ra4 Qc5 29. Rxc4 Qb6 30. Nc6 Qb7 31. Nxb8 Rxb8 32. Ra4 g5 33. Bg3 f5 34. gxf5
Nf6 35. Qa7 Qc8 36. Rha1 Nfe8 37. Rc4 Qd8 38. Qa5 Qxa5 39. Rxa5 Bf6 40. b3 h5
41. Ra7 Rd8 42. b6 h4 43. Bf2 Nxf5 44. exf5 Bxf5+ 45. Bd3 Bxh3 46. b7 Bg2 47.
Ra8 1-0

[Event "17. Europa ch Juvenil - Femenino s14"]
[Site "Sibenik CRO"]
[Date "2007.09.20"]
[Round "7.2"]
[White "Soloviova, Liza"]
[Black "Arabidze, Meri"]
[Result "0-1"]
[WhiteElo "2098"]
[BlackElo "2095"]
[PlyCount "78"]
[EventDate "2007.09.14"]
[EventType "swiss"]
[EventRounds "9"]
[EventCountry "CRO"]
[Source "lmi"]
[SourceDate "2007.09.14"]

1. d4 Nf6 2. c4 e6 3. Nf3 b6 4. e3 Bb7 5. Bd3 d5 6. cxd5 exd5 7. O-O Bd6 8. Nc3
a6 9. Qc2 O-O 10. Ne5 Nc6 11. Nxc6 Bxc6 12. f3 Be7 13. Rb1 Re8 14. b4 Bb7 15.
Bd2 h6 16. Be1 Bd6 17. Bf2 Qe7 18. b5 a5 19. a4 Rad8 20. Rb3 Nh5 21. Qd1 Kh8
22. Bb1 Bb4 23. Qc2 g6 24. Ne2 Rc8 25. g4 Ng7 26. Nf4 Ne6 27. Nd3 Bd6 28. Qa2
Ng5 29. Kg2 Qf6 30. Bg1 c5 31. bxc6 Rxc6 32. Qb2 Bc7 33. Rb5 Rce6 34. h4 Nh7
35. Bf2 Ba6 36. Rb3 Bc4 37. Rc3 Rxe3 38. Bxe3 Rxe3 39. Qf2 Qxd4 0-1

[Event "17. Europa ch Juvenil - Femenino s14"]
[Site "Sibenik CRO"]
[Date "2007.09.20"]
[Round "7.3"]
[White "Zakoscielna, Kinga"]
[Black "Butuc, Maria"]
[Result "1/2-1/2"]
[WhiteElo "2020"]
[BlackElo "2082"]
[PlyCount "106"]
[EventDate "2007.09.14"]
[EventType "swiss"]
[EventRounds "9"]
[EventCountry "CRO"]
[Source "lmi"]
[SourceDate "2007.09.14"]

1. e4 c6 2. d4 d5 3. Nc3 dxe4 4. Nxe4 Nd7 5. Ng5 Ngf6 6. Bd3 e6 7. N1f3 Bd6 8.
Qe2 h6 9. Ne4 Nxe4 10. Qxe4 Qc7 11. Bd2 b6 12. O-O-O Bb7 13. Rhe1 O-O-O 14. Qe2
c5 15. Bc3 Nf6 16. dxc5 Bxc5 17. Be5 Bd6 18. Ba6 Bxa6 19. Qxa6+ Kb8 20. Rxd6
Rxd6 21. Nd4 Rc8 22. c3 Rxd4 23. Bxc7+ Rxc7 24. Rd1 Rxd1+ 25. Kxd1 Rd7+ 26. Ke2
Ne4 27. Qa4 Nc5 28. Qc6 Rc7 29. Qe8+ Kb7 30. f3 a5 31. b3 f6 32. f4 Ne4 33. c4
Nc3+ 34. Kf3 Nxa2 35. Qxe6 Nb4 36. g4 Nc6 37. Qd5 Re7 38. h4 Kc7 39. c5 bxc5
40. Qxc5 Re1 41. Qc3 Re7 42. g5 hxg5 43. fxg5 fxg5 44. hxg5 Kb6 45. Kg4 Kb7 46.
Kf5 Kb6 47. Kg6 Kb7 48. Kh7 Kc7 49. g6 Kd6 50. Qd3+ Ke6 51. Qc4+ Kd6 52. Qf7
Ne5 53. Qf8 Nc6 1/2-1/2

[Event "17. Europa ch Juvenil - Femenino s14"]
[Site "Sibenik CRO"]
[Date "2007.09.20"]
[Round "7.4"]
[White "Stetsko, Lanita"]
[Black "Neuhauser, Salome"]
[Result "0-1"]
[WhiteElo "2029"]
[BlackElo "1878"]
[PlyCount "58"]
[EventDate "2007.09.14"]
[EventType "swiss"]
[EventRounds "9"]
[EventCountry "CRO"]
[Source "lmi"]
[SourceDate "2007.09.14"]

1. e4 c5 2. Nc3 Nc6 3. g3 g6 4. Bg2 Bg7 5. d3 e6 6. Be3 d6 7. f4 Nge7 8. Nf3
O-O 9. O-O Rb8 10. Qd2 b5 11. d4 b4 12. Ne2 cxd4 13. Nfxd4 Nxd4 14. Nxd4 a5 15.
Rad1 Bb7 16. g4 Nc6 17. Nxc6 Bxc6 18. Qxd6 Bb5 19. Rf2 Bxb2 20. Bf3 Qxd6 21.
Rxd6 Bc4 22. e5 a4 23. Ba7 Rbc8 24. Bc6 a3 25. Rfd2 Bxa2 26. Bd7 Rc4 27. Bb5
Rxf4 28. Rd8 Bd5 29. Rxf8+ Kxf8 0-1

[Event "17. Europa ch Juvenil - Femenino s14"]
[Site "Sibenik CRO"]
[Date "2007.09.20"]
[Round "7.5"]
[White "Suslova, Alena"]
[Black "Vombek, Sara"]
[Result "1-0"]
[WhiteElo "2091"]
[BlackElo "1873"]
[PlyCount "131"]
[EventDate "2007.09.14"]
[EventType "swiss"]
[EventRounds "9"]
[EventCountry "CRO"]
[Source "lmi"]
[SourceDate "2007.09.14"]

1. c4 c5 2. Nf3 b6 3. g3 Bb7 4. Bg2 Nf6 5. O-O e6 6. d4 cxd4 7. Nxd4 Bxg2 8.
Kxg2 a6 9. f3 Qc7 10. b3 Be7 11. e4 O-O 12. Be3 d6 13. Qd2 Nbd7 14. Nc3 Rac8
15. a4 Nc5 16. Qb2 Rfd8 17. Rfd1 Bf8 18. Rac1 Qb7 19. Nde2 Be7 20. Rc2 Ne8 21.
h4 Bf6 22. Bd4 Qe7 23. Rcc1 Nc7 24. b4 Nd7 25. Qb3 Ne8 26. Be3 Rb8 27. Nd4 Rdc8
28. Nce2 Bxd4 29. Nxd4 Nef6 30. b5 Nc5 31. Qb4 a5 32. Qa3 Rb7 33. Nc6 Qf8 34.
Rd2 Nfd7 35. Rcd1 Ne5 36. Nxe5 dxe5 37. Bxc5 bxc5 38. Qc3 Rbb8 39. Qxa5 Ra8 40.
Qb6 Rcb8 41. Qc7 Rc8 42. Qd7 Rcb8 43. Qd6 Qxd6 44. Rxd6 Kf8 45. Ra1 Ke7 46. Rc6
Rc8 47. Rxc8 Rxc8 48. a5 Kd7 49. Kf2 Kc7 50. Rd1 Ra8 51. a6 Rc8 52. g4 h6 53.
Ke3 f6 54. Rd3 h5 55. gxh5 Rh8 56. Ra3 Kb6 57. a7 Kb7 58. Ra6 Rg8 59. Rxe6 Kxa7
60. Re7+ Kb6 61. f4 exf4+ 62. Kxf4 Rh8 63. Kg4 Rd8 64. Rxg7 Rd4 65. Kf5 Rxc4
66. h6 1-0

[Event "17. Europa ch Juvenil - Femenino s14"]
[Site "Sibenik CRO"]
[Date "2007.09.20"]
[Round "7.6"]
[White "Trifonova, Sandra"]
[Black "Tjolsen, Katrine"]
[Result "1/2-1/2"]
[WhiteElo "1889"]
[BlackElo "2081"]
[PlyCount "103"]
[EventDate "2007.09.14"]
[EventType "swiss"]
[EventRounds "9"]
[EventCountry "CRO"]
[Source "lmi"]
[SourceDate "2007.09.14"]

1. d4 Nf6 2. c4 g6 3. Nc3 Bg7 4. e4 d6 5. f3 O-O 6. Be3 c5 7. Nge2 cxd4 8. Nxd4
Nc6 9. Qd2 Bd7 10. Be2 Nxd4 11. Bxd4 Bc6 12. O-O a5 13. Nd5 Nd7 14. Bxg7 Kxg7
15. Kh1 Nc5 16. Qd4+ e5 17. Qd2 Bxd5 18. exd5 f5 19. b3 Qb6 20. Rab1 Rfe8 21.
Qb2 Nd7 22. a3 Qa7 23. b4 axb4 24. axb4 Qa2 25. Rfc1 Ra7 26. Kg1 Rea8 27. Kf1
b6 28. Qc3 Ra3 29. Qe1 Nf6 30. Qf2 Nd7 31. Qh4 Re8 32. c5 Nf6 33. cxd6 Ra7 34.
Ra1 Qxa1 35. Rxa1 Rxa1+ 36. Kf2 e4 37. g4 e3+ 38. Kg2 Ra2 39. Kf1 Rd8 40. gxf5
Rd2 41. Qf4 Rxd5 42. Qxe3 Rd7 43. fxg6 hxg6 44. Qxb6 R5xd6 45. Qe3 Nd5 46. Qe5+
Rf6 47. b5 Rdd6 48. Qe4 Nf4 49. Qe7+ Kh6 50. h4 g5 51. hxg5+ Kxg5 52. Qe3
1/2-1/2